[Event "Guillermo Garcia Memorial-C"]
[Site "Santa Clara"]
[Date "2022.05.02"]
[Round "3"]
[White "Otero Acosta, Diasmany"]
[Black "Hernandez Gil, Ineymig"]
[Result "1-0"]
[WhiteElo "2365"]
[BlackElo "2328"]
[PlyCount "85"]
[EventDate "2022.04.30"]
[EventType "tourn"]
[EventRounds "9"]
[EventCountry "CUB"]
[SourceTitle "CBM 208 Extra"]
[Source "ChessBase"]
[SourceDate "2022.07.31"]
[SourceVersion "1"]
[SourceVersionDate "2022.07.31"]
[SourceQuality "1"]

1. Nf3 d5 2. c4 c6 3. e3 Nf6 4. Nc3 Bf5 5. d4 e6 6. Nh4 Be4 7. f3 Bg6 8. Qb3 Qb6 9. Nxg6 hxg6 10. g3 Nbd7 11. Bd2 Bd6 12. f4 Bb4 13. Bg2 Bxc3 14. Bxc3 Ng4 15. Ke2 Nxh2 16. e4 dxe4 17. Bxe4 Nf6 18. Qxb6 axb6 19. Bg2 0-0-0 20. a4 Nhg4 21. a5 Rxh1 22. Rxh1 bxa5 23. Bxa5 Re8 24. Kf3 Kd7 25. Bc3 Ra8 26. d5 cxd5 27. cxd5 Ra4 28. dxe6+ fxe6 29. Rh4 b5 30. Rxg4 Nxg4 31. Kxg4 b4 32. Bxg7 Ke7 33. Be5 Kf7 34. Kg5 b3 35. g4 Rc4 36. Bf1 Rc8 37. Bd3 Rc6 38. Bxg6+ Kg8 39. Kf6 Rc1 40. Bf7+ Kh7 41. g5 Rg1 42. g6+ Kh6 43. Kxe6 1-0

[Event "Capablanca Memorial Premier 55th"]
[Site "Havana"]
[Date "2022.04.28"]
[Round "9"]
[White "Forgas Moreno, Yaniela"]
[Black "Hernandez Gil, Ineymig"]
[Result "1/2-1/2"]
[WhiteElo "2336"]
[BlackElo "2328"]
[PlyCount "110"]
[EventDate "2022.04.19"]
[EventType "tourn"]
[EventRounds "9"]
[EventCountry "CUB"]
[EventCategory "4"]
[SourceTitle "CBM 208 Extra"]
[Source "ChessBase"]
[SourceDate "2022.07.31"]
[SourceVersion "1"]
[SourceVersionDate "2022.07.31"]
[SourceQuality "1"]

1. f4 d5 2. Nf3 Nf6 3. d3 e6 4. g3 b5 5. Bg2 Bb7 6. 0-0 Nbd7 7. Qe1 Bc5+ 8. d4 Be7 9. Ne5 c5 10. e3 0-0 11. Nd2 a5 12. Kh1 Qc7 13. c3 b4 14. a3 Rfc8 15. Nxd7 Qxd7 16. Nf3 Ne4 17. Ne5 Qc7 18. f5 f6 19. Ng4 h5 20. Nf2 exf5 21. Nxe4 fxe4 22. Bh3 Rd8 23. axb4 cxb4 24. Bd2 Qb6 25. cxb4 axb4 26. Rxa8 Rxa8 27. Qd1 g6 28. g4 hxg4 29. Bxg4 Kg7 30. Rg1 Rh8 31. Bf5 Rh6 32. Qg4 Qd6 33. h4 g5 34. Be1 Qc7 35. h5 Bc6 36. Bg3 Bd6 37. Bxd6 Qxd6 38. Bg6 Bd7 39. Qg2 Qe7 40. Rc1 Be8 41. Qg3 Bd7 42. Rc7 Qe6 43. Kg2 Rh8 44. Kf2 Ra8 45. Kg2 Ra2 46. Be8 Rxb2+ 47. Kg1 Qa6 48. Qe1 Qa2 49. Bxd7 Rg2+ 50. Kf1 Rh2 51. Bf5+ Kh8 52. Rc8+ Kg7 53. Rc7+ Kh8 54. Rc8+ Kg7 55. Rc7+ Kh8 1/2-1/2

[Event "Capablanca Memorial Premier 55th"]
[Site "Havana"]
[Date "2022.04.21"]
[Round "3"]
[White "Cori Tello, Deysi Estella"]
[Black "Hernandez Gil, Ineymig"]
[Result "1/2-1/2"]
[WhiteElo "2391"]
[BlackElo "2328"]
[PlyCount "97"]
[EventDate "2022.04.19"]
[EventType "tourn"]
[EventRounds "9"]
[EventCountry "CUB"]
[EventCategory "4"]
[SourceTitle "CBM 208 Extra"]
[Source "ChessBase"]
[SourceDate "2022.07.31"]
[SourceVersion "1"]
[SourceVersionDate "2022.07.31"]
[SourceQuality "1"]

1. c4 c6 2. Nc3 d5 3. d4 dxc4 4. a4 e5 5. e3 exd4 6. exd4 Be6 7. Nf3 Bb4 8. Be2 Nd7 9. 0-0 Ngf6 10. Qc2 0-0 11. Na2 Bd6 12. Bxc4 Bxc4 13. Qxc4 Nb6 14. Qb3 a5 15. Bg5 Bc7 16. Nc3 Qd6 17. Rfe1 Nbd5 18. Rad1 Qb4 19. Qc2 Rac8 20. Ne5 h6 21. Bc1 Rcd8 22. Rd3 Bb6 23. Qd1 Qd6 24. Rg3 Kh8 25. h4 Nb4 26. Bf4 Qxd4 27. Qf3 Nbd5 28. Nxd5 Rxd5 29. Bxh6 Qxf2+ 30. Qxf2 Bxf2+ 31. Kxf2 gxh6 32. Kg1 Nd7 33. Nc4 Rg8 34. Rf3 Rg7 35. Re8+ Kh7 36. Ne3 Rd2 37. g3 Rxb2 38. Nf5 Rg4 39. Re7 Nc5 40. Rxf7+ Kh8 41. Rf6 Re4 42. Rxh6+ Kg8 43. Ne3 Rb3 44. Rg6+ Kh7 45. Rff6 Rexe3 46. Rh6+ Kg7 47. Rhg6+ Kh7 48. Rh6+ Kg7 49. Rhg6+ 1/2-1/2

[Event "Capablanca Memorial Premier 55th"]
[Site "Havana"]
[Date "2022.04.19"]
[Round "1"]
[White "Hernandez Gil, Ineymig"]
[Black "Hernandez Moya, Yuleisis"]
[Result "1/2-1/2"]
[WhiteElo "2328"]
[BlackElo "2219"]
[PlyCount "83"]
[EventDate "2022.04.19"]
[EventType "tourn"]
[EventRounds "9"]
[EventCountry "CUB"]
[EventCategory "4"]
[SourceTitle "CBM 208 Extra"]
[Source "ChessBase"]
[SourceDate "2022.07.31"]
[SourceVersion "1"]
[SourceVersionDate "2022.07.31"]
[SourceQuality "1"]

1. e4 e6 2. d4 d5 3. Nd2 c5 4. Ngf3 cxd4 5. Nxd4 Nc6 6. Bb5 Bd7 7. Nxc6 Bxc6 8. Bxc6+ bxc6 9. 0-0 Nf6 10. Qe2 Qc7 11. Re1 Bc5 12. c4 0-0 13. b3 Bb4 14. exd5 exd5 15. Rd1 Rfe8 16. Qf3 Qe5 17. Rb1 d4 18. a3 Bc3 19. Nf1 Qe2 20. Qxe2 Rxe2 21. Ng3 Ra2 22. f3 h6 23. b4 Re8 24. h3 Re1+ 25. Rxe1 Bxe1 26. Bf4 Bc3 27. Rb3 g5 28. Be5 Nd7 29. Bc7 Ra1+ 30. Kf2 d3 31. Ne4 Bd4+ 32. Kg3 Rd1 33. Nf2 Bxf2+ 34. Kxf2 Nb6 35. Bxb6 axb6 36. Ke3 d2 37. Rd3 Rc1 38. Kxd2 Rxc4 39. Rd6 Kg7 40. Rd7 h5 41. Rd6 f6 42. Rd7+ 1/2-1/2

[Event "Online Olym Div Top-D"]
[Site "Chess.com INT"]
[Date "2021.09.10"]
[Round "9.3"]
[White "Hernandez Gil, Ineymig"]
[Black "Frattini, Beatriz Maria"]
[Result "1-0"]
[WhiteElo "2348"]
[BlackElo "1847"]
[PlyCount "79"]
[EventDate "2021.09.08"]
[EventType "team (rapid)"]
[EventRounds "9"]
[EventCountry "USA"]
[SourceTitle "CBM 204 Extra"]
[Source "ChessBase"]
[SourceDate "2021.11.30"]
[SourceVersion "1"]
[SourceVersionDate "2021.11.30"]
[SourceQuality "1"]
[WhiteTeam "Cuba"]
[BlackTeam "Brazil"]
[WhiteTeamCountry "CUB"]
[BlackTeamCountry "BRA"]

1. e4 c5 2. Nc3 d6 3. f4 Nc6 4. Nf3 g6 5. Bc4 Bg7 6. 0-0 e6 7. d3 Nge7 8. Qe1 Nd4 9. Nxd4 cxd4 10. Ne2 0-0 11. Ng3 Rb8 12. Bb3 Nc6 13. Bd2 a5 14. f5 b5 15. a4 b4 16. Qf2 exf5 17. exf5 Ne5 18. f6 Bh8 19. Ne4 Ng4 20. Qf4 d5 21. Bxd5 Bf5 22. Bc4 Bxf6 23. Nxf6+ Qxf6 24. Qxg4 Bxg4 25. Rxf6 Kg7 26. Rd6 Rbd8 27. Rxd8 Rxd8 28. Re1 Rd6 29. h3 Bd7 30. b3 Be6 31. Bxe6 fxe6 32. Bf4 Rc6 33. Be5+ Kf7 34. Re2 Ke7 35. Bxd4 Kd6 36. Kf2 Kd5 37. Be5 Rc8 38. Ke1 Rc6 39. Kd2 Rc8 40. Bg3 1-0

[Event "Online Olym Div Top-D"]
[Site "Chess.com INT"]
[Date "2021.09.09"]
[Round "5.1"]
[White "Caicedo Anguila, Juliana Andrea"]
[Black "Hernandez Gil, Ineymig"]
[Result "1-0"]
[WhiteElo "1583"]
[BlackElo "2348"]
[PlyCount "81"]
[EventDate "2021.09.08"]
[EventType "team (rapid)"]
[EventRounds "9"]
[EventCountry "USA"]
[SourceTitle "CBM 204 Extra"]
[Source "ChessBase"]
[SourceDate "2021.11.30"]
[SourceVersion "1"]
[SourceVersionDate "2021.11.30"]
[SourceQuality "1"]
[WhiteTeam "Colombia"]
[BlackTeam "Cuba"]
[WhiteTeamCountry "COL"]
[BlackTeamCountry "CUB"]

1. d4 d5 2. c4 c6 3. Nc3 Nf6 4. cxd5 cxd5 5. Bg5 Nc6 6. Bxf6 exf6 7. e3 Be6 8. Nge2 Be7 9. Nf4 0-0 10. Be2 Rc8 11. 0-0 Qd7 12. Bf3 Rfe8 13. Nfxd5 Bxd5 14. Nxd5 Bd6 15. Rc1 f5 16. Nc3 Qe7 17. g3 Qg5 18. Bg2 Bb8 19. Qd2 Rcd8 20. Qc2 h5 21. Ne2 h4 22. Qb3 hxg3 23. hxg3 Qh5 24. Qxb7 Ne7 25. Qf3 Qg5 26. Rc5 Rd6 27. Rfc1 Rh6 28. Nf4 Bd6 29. Ra5 Rb8 30. b3 Qf6 31. Rxa7 g5 32. Nd5 Nxd5 33. Qxd5 f4 34. Ra8 fxg3 35. Rxb8+ Bxb8 36. Rc8+ Kg7 37. f3 Qe7 38. e4 Bf4 39. Qa8 Qd6 40. Rg8+ Kf6 41. e5+ 1-0

[Event "Online Olym Div2 E"]
[Site "Chess.com INT"]
[Date "2021.09.02"]
[Round "2.4"]
[White "Vasquez Vasquez, Marielos"]
[Black "Hernandez Gil, Ineymig"]
[Result "0-1"]
[WhiteElo "1498"]
[BlackElo "2348"]
[PlyCount "76"]
[EventDate "2021.09.02"]
[EventType "team (rapid)"]
[EventRounds "9"]
[EventCountry "USA"]
[SourceTitle "CBM 204 Extra"]
[Source "ChessBase"]
[SourceDate "2021.11.30"]
[SourceVersion "1"]
[SourceVersionDate "2021.11.30"]
[SourceQuality "1"]
[WhiteTeam "El Salvador"]
[BlackTeam "Cuba"]
[WhiteTeamCountry "ESA"]
[BlackTeamCountry "CUB"]

1. c4 c6 2. d4 d5 3. Nf3 Nf6 4. Nc3 dxc4 5. e3 b5 6. a4 b4 7. Na2 e6 8. Bxc4 c5 9. 0-0 Bb7 10. Bd2 a5 11. Rc1 Nbd7 12. Bb5 cxd4 13. exd4 Bd6 14. Ne5 0-0 15. Bf4 Bxe5 16. dxe5 Nd5 17. Bg3 Qe7 18. Rc4 Rac8 19. Qd3 Rxc4 20. Qxc4 Rc8 21. Qd3 Nc5 22. Qd4 Nb3 23. Qd3 Nc5 24. Qd4 Qg5 25. f4 Qe7 26. Rc1 h6 27. Bf2 Nd7 28. Rxc8+ Bxc8 29. Nc1 Bb7 30. Nb3 Qd8 31. Qa7 Qc7 32. h3 Nxf4 33. Nxa5 Qc1+ 34. Kh2 Bxg2 35. Kg3 Nxe5 36. Qb8+ Kh7 37. Qxe5 Qh1 38. Bd3+ Nxd3 0-1

[Event "Wch FIDE Online U16 Girls"]
[Site "Tornelo INT"]
[Date "2020.12.20"]
[Round "2.2"]
[White "Rakshitta, Ravi"]
[Black "Hernandez Gil, Ineymig"]
[Result "1-0"]
[WhiteElo "2190"]
[BlackElo "2348"]
[PlyCount "63"]
[EventDate "2020.12.19"]
[EventType "k.o. (rapid)"]
[EventRounds "4"]
[EventCountry "ISS"]
[SourceTitle "EXT 2022"]
[Source "ChessBase"]
[SourceDate "2021.10.06"]
[SourceVersion "1"]
[SourceVersionDate "2021.10.06"]
[SourceQuality "1"]

1. e4 c6 2. d4 d5 3. e5 Bf5 4. Ne2 e6 5. Ng3 Bg6 6. h4 h5 7. Be2 Be7 8. Bxh5 Bxh5 9. Nxh5 g6 10. Nf4 Rxh4 11. Rxh4 Bxh4 12. Qg4 Nh6 13. Qh3 Nf5 14. c3 Nd7 15. g4 Ng7 16. Nd2 Qe7 17. Nf3 g5 18. Ng2 0-0-0 19. Ngxh4 gxh4 20. Bg5 f6 21. exf6 Nxf6 22. Qxh4 Rf8 23. Ne5 Qd8 24. Qh6 Rh8 25. Qxg7 Rh1+ 26. Ke2 Rxa1 27. Bxf6 Qe8 28. Nf7 Qd7 29. Qf8+ Kc7 30. Bd8+ Kb8 31. Bb6+ Qc8 32. Bxa7+ 1-0